000 01029nam a22002537a 4500
005 20240305165541.0
007 cr|||| |||
008 200109c20069999es ar|w s|||| 0|||b1spa d
022 _a1885-589X
035 _a30913
040 _avLex
090 _c10108
_d10108
245 0 0 _aRevista Internacional de Pensamiento Político
_h[Recurso electrónico] /
256 _aServicio en línea
260 _aBarcelona:
_bEditorial vLex,
_c2006 -
300 _a1 recurso electrónico
310 _aAnual
362 _aNº 1 (Ene. 2006) -
506 1 _aDisponible solo en los productos indicados
_dvLex Global
_dvLex Global (Academic Edition, excluding Law Schools)
_dvLex Global (U.S. Academic Edition, Law Schools)
_dvLex Global (U.S. Academic Edition, excluding Law Schools)
_dvLex Global (Academic Edition, Law Schools)
650 0 4 _aCiencias sociales
_zEspaña
740 0 _avLex Revistas (Servicio en línea)
856 4 0 _uhttps://app.vlex.com/#/sources/revista-internacional-pensamiento-politico-30913
942 _cRAA
999 _c168344
_d168344